000 01769nam a2200373 a 4500
001 ebr10614205
003 CaPaEBR
006 m u
007 cr cn|||||||||
008 010831s2002 inua sb 001 0 eng d
010 _z 2001038925
020 _z0865973326 (alk. paper)
020 _z0865973334 (pbk. : alk. paper)
020 _z9780865973336
020 _z9781614877974 (e-book)
040 _aCaPaEBR
_cCaPaEBR
035 _a(OCoLC)316803430
043 _an-us---
050 1 4 _aE173
_b.A7535 2002eb
082 0 4 _a973
_221
245 0 4 _aThe American Republic
_h[electronic resource] :
_bprimary sources /
_cedited by Bruce Frohnen.
260 _aIndianapolis :
_bLiberty Fund,
_cc2002.
300 _axxi, 743 p. :
_bill.
504 _aIncludes bibliographical references (p. 723-724) and index.
505 0 _apt. 1. Colonial settlements -- pt. 2. Religious society and religious liberty in early America -- pt. 3. Defending the charters -- pt. 4. The war for independence -- pt. 5. A new constitution -- pt. 6. The Bill of Rights -- pt. 7. State versus federal authority -- pt. 8. Forging a nation -- pt. 9. Prelude to war.
533 _aElectronic reproduction.
_bPalo Alto, Calif. :
_cebrary,
_d2011.
_nAvailable via World Wide Web.
_nAccess may be limited to ebrary affiliated libraries.
651 0 _aUnited States
_xHistory
_yColonial period, ca. 1600-1775
_vSources.
651 0 _aUnited States
_xHistory
_yRevolution, 1775-1783
_vSources.
651 0 _aUnited States
_xHistory
_y1783-1865
_vSources.
655 7 _aElectronic books.
_2local
700 1 _aFrohnen, Bruce.
710 2 _aebrary, Inc.
856 4 0 _uhttp://site.ebrary.com/lib/rucke/Doc?id=10614205
_zAn electronic book accessible through the World Wide Web; click to view
999 _c100179
_d100179